From acorn to oak tree / (Record no. 4974)
[ view plain ]
| 000 -LEADER | |
|---|---|
| fixed length control field | 00870nam a22003017a 4500 |
| 001 - CONTROL NUMBER | |
| control field | 4974 |
| 003 - CONTROL NUMBER IDENTIFIER | |
| control field | FISKH |
| 005 - DATE AND TIME OF LATEST TRANSACTION | |
| control field | 20241030094045.0 |
| 008 - FIXED-LENGTH DATA ELEMENTS--GENERAL INFORMATION | |
| fixed length control field | 241030b cb ||||| |||| 00| 0 eng d |
| 020 ## - INTERNATIONAL STANDARD BOOK NUMBER | |
| International Standard Book Number | 0516238124 |
| 040 ## - CATALOGING SOURCE | |
| Original cataloging agency | FISKH |
| Language of cataloging | eng |
| Transcribing agency | FISKH |
| Modifying agency | FISKH |
| 050 ## - LIBRARY OF CONGRESS CALL NUMBER | |
| Classification number | QK495.F14 |
| 082 ## - DEWEY DECIMAL CLASSIFICATION NUMBER | |
| Classification number | 583.46 |
| 100 ## - MAIN ENTRY--PERSONAL NAME | |
| Personal name | Kottka, Jan |
| Dates associated with a name | (1946-) |
| 245 ## - TITLE STATEMENT | |
| Title | From acorn to oak tree / |
| Statement of responsibility, etc. | By Jan Kottke |
| 250 ## - EDITION STATEMENT | |
| Edition statement | First printing in 2001. |
| 260 ## - PUBLICATION, DISTRIBUTION, ETC. | |
| Place of publication, distribution, etc. | New York : |
| Name of publisher, distributor, etc. | Scholastic, |
| Date of publication, distribution, etc. | 2001. |
| 300 ## - PHYSICAL DESCRIPTION | |
| Extent | 24 pages : |
| Other physical details | Color illustrations ; |
| Dimensions | 16 cm |
| 505 ## - FORMATTED CONTENTS NOTE | |
| Formatted contents note | G<br/> |
| 520 ## - SUMMARY, ETC. | |
| Summary, etc. | Follows the journey of an acorn and explains how it becomes an oak tree. |
| 521 8# - TARGET AUDIENCE NOTE | |
| Target audience note | 410L<br/> |
| Source | Lexile<br/> |
| 521 8# - TARGET AUDIENCE NOTE | |
| Target audience note | G<br/> |
| Source | Raz-Plus<br/> |
| 650 ## - SUBJECT ADDED ENTRY--TOPICAL TERM | |
| Source of heading or term | Non-fiction |
| Topical term or geographic name entry element | Nature |
| 650 ## - SUBJECT ADDED ENTRY--TOPICAL TERM | |
| Source of heading or term | Trees |
| Topical term or geographic name entry element | Life cycle |
| 700 ## - ADDED ENTRY--PERSONAL NAME | |
| Personal name | Wojciechowski, MaryJane |
| Dates associated with a name | Illustrator |
| 942 ## - ADDED ENTRY ELEMENTS (KOHA) | |
| Source of classification or shelving scheme | Dewey Decimal Classification |
| Koha item type | Books |
| Suppress in OPAC | No |
| Withdrawn status | Lost status | Source of classification or shelving scheme | Damaged status | Not for loan | Collection | Home library | Current library | Shelving location | Date acquired | Total Checkouts | Full call number | Barcode | Date last seen | Copy number | Price effective from | Koha item type |
|---|---|---|---|---|---|---|---|---|---|---|---|---|---|---|---|---|
| Dewey Decimal Classification | Non-Fiction | Footprints International School Library Network Toul Kork Campus | Footprints International School Library Network Toul Kork Campus | TK Primary Library Room(4th Floor), Bookcase 1&2, Shelves 1-16, Dark Blue Books | 10/30/2024 | KOT 583.46 QK495.F14 | 2024-2251 | 10/30/2024 | 1 | 10/30/2024 | Books |
